02804nam a2200337 a 4500003000400000005001700004008004100021020002200062040001800084041002300102082002200125100003100147245008500178250001800263264005200281300001900333336002700352337002700379338002800406490003100434505092100465520051501386650003501901650003301936830003301969942001502002999001902017952014602036952013802182952014602320OSt20260317140140.0230426s2003 mx ||||gr|||| 00| 0dspa d a978-968-16-6942-3 cCHAPerdaaPA aspabspafspahspa00aPA 501q.P47 20030 990049aPérez Tamayo, Ruy11a¿Existe el método científico? :bhistoria y realidad /cRuy Pérez Tamayo. a3a edición. aMéxico:bFondo de Cultura Económica,c2003. a301 páginas. 2rdacontentatextobtxt 2rdamediaasin mediobn 2rdacarrieravolumenbnc1 aLa ciencia para todosv161 aIntroducción.-- Agradecimientos.-- I. La tradición antigua: Platón y Aristóteles.-- II.Los científicos de la Revolución científica : Vesalio, Galileo, Harvey, Newton, Hooke y Leibniz.-- III.Los filósofos de la Revolución científica : Bacon, Descartes, Locke, Berkeley, Hume y Kant.-- IV.Los empiristas victorianos del siglo XIX : Herschel, Mill y Whewel.-- V.Los positivistas del siglo XIX : comte, Mach, Peirce y Poincaré.-- VI.El positivismo lógico : Wittgenstein, Carnap y el Círculo de Viena. Reichenbach y la escueal de Berlín.-- VII.Las ideas contemporáneas (1): Bridgman, Rosenblueth y el operacionismo Eddington y el subjetivismo selectivo; Popper y el falsacionismo.-- VIII.Las ideas contemporáneas (II) : Lakatos y los programas de investigación, Kuhn y el relativismo histórico, Feyerabend y el anarquismo.-- IX. Resumen general y conclusiones.-- Lecturas recomendadas. aEl doctor Pérez Tamayo reúne aquí los textos que presentó en los cursos dictados en El Colegio Nacional sobre la naturaleza del método científico y las innumerables polémicas desatadas a lo largo de la historia de la ciencia, con el fin de dirimir sus límites y la base conceptual en que se funda. El lector encontrará aquí una revisión cronológica de las ideas sobre el método científico a lo largo de 25 siglos y, con base en ella, la interpretación del autor como científico. 0aCienciaxMetodología9191374 0aCienciaxFilosofía9191375 3964201aLa ciencia para todos 2ddccLIBRO c218635d218635 00102ddc4051708GRALaPAbPAd2023-04-26eCompraiConsumol0oPA 501 .P47 2003 p4102004162r2023-04-26 00:00:00tEj.1w2023-04-26yLIBRO 00102ddc4053708GRALaPAbPAd2023-04-26iConsumol0oPA 501 .P47 2003 p4102004163r2023-04-26 00:00:00tEj.2w2023-04-26yLIBRO 00102ddc4053708GRALaPAbPAd2023-04-26eCompraiConsumol0oPA 501 .P47 2003 p4102004164r2023-04-26 00:00:00tEj.3w2023-04-26yLIBRO